000 00407nam a22001697a 4500
005 20260217175124.0
008 CU66
020 _a9780077104177
050 _aHF 5667 EIL
100 _aEILIFSEN,AASMUND
245 _aAUDITING AND ASSURANCE SERVICES
260 _aLONDON
_bMcGRAW HILL
_c2006
300 _aXXIV,678p.,TABLES,ILLUS.
500 _aINDEX
700 _aMESSIEER, WILLIAM F.
942 _2lcc
_cBK
_n0
999 _c8759
_d8759